000 00568nam a2200241 a 4500
001 nice12345678
003 IN_TiNIC
005 20260116011803.0
008 050524s1961 jala grp 000 0 urd
020 _a
_c5
082 0 0 _a891.41
_bCON
100 _aConquest, Robert
245 _aTajdeed-E-Junoon
260 _aJalalabadu.P.
_bMaktab Faiz-E-Ashraf
_c1961
300 _a212p
500 _aincludes index and biblioraphy
505 2 _aIndex
650 _aUrdu-Poetry
700 1 _aConquest, Robert
902 _bSRS
942 _cBK
999 _c3965
_d3965